000 00948cam a2200253 4500
001 ABS66009
008 021021n2002 000 0 eng u
035 _a(Sirsi) u120197
245 4 _aThe EC Harris/"Construction News" Contractors' input cost index
260 _c2002
490 _aConstruction News
_v(6784) 19 September 2002, 15(1)
520 _aThe index shows for the first time in five years, materials prices have grown almost as fast as labour costs. Contractors' input costs in the UK rose by 7.2% on average in the year to September 2002, while labour rates rose 8.6% and material costs were 6.2% higher. Graphs. Table.
590 _aABS
650 _aLEAGUE TABLES
650 _aINPUT COSTS
650 _aCONSTRUCTION INDUSTRY
650 _aCONTRACTORS
650 _aEC HARRIS
650 _aSURVEYS
650 _aMATERIALS COSTS
650 _aLABOUR COSTS
690 _aBUILT ENVIRONMENT-BUILDING COSTS
942 _n0
999 _c71397
_d71397